000 00619nam a2200229 a 4500
005 20240416064222.0
008 991125s1991 mx 000 0 spa u
020 _a9686382453
035 _aUPN01000039730
049 _aI
050 4 _aF1376 L4.5
100 1 _aLerner Sigal, Victoria
_941427
245 1 0 _aMisión peligrosa al pasado /
_cVictoria Lerner
260 _aMéxico :
_bInstituto Mora,
_c1991
300 _a51 p. :
_bil
440 3 _aEl tiempo vuela
650 4 _aHENEQUEN
651 4 _aYucatán
_xHistoria
_94508
902 _aEMO ESTELA MURATALLA OCHOA
904 _aAC
_b039732
905 _aInfantil
999 _c39730
_d39730